000 00540nam a2200193 u 4500
005 20240228064334.0
008 190131s2006 r 000 0 eng d
020 _a842368315X
035 _aUPN01000228756
049 _aI
050 4 _aPZ74.9
_bR6.76
100 1 _aRovira, Francesc
_939880
245 1 1 _a¡No lo toques! /
_cFrancesc Rovira.
260 _aBarcelona, Esp. :
_bEdebé,
_c2006.
300 _a[12] p. :
_bprincipalmente il. col.
650 4 _aLibros y lectura para niños
_92290
905 _aInfantil
999 _c200851
_d200851